00461nam a22001697a 450000500170000000800410001702000180005802200150007604100120009108200120010310000130011524500570012825000190018526000330020430000290023765000250026620240923141836.0240923b |||||||| |||| 00| 0 eng d a9780409117578 a0409004480 aEnglish a349 JOU lEnglish  aThe Law of South Africa / cWA Joubert and JA Faris  aSecond Edition aDurban: bLexisNexis, c2010 bvii,261 pages; c26 cm.  aLegal practice bLaw